Neoliberalization of the higher education in Slovakia: a geographical perspective

Konceptuálny rámec neoliberalizácie vysokého školstva a zmeny právnych predpisov sprevádzajúce postupnú adopciu neoliberálnych princípov do fungovania vysokých škôl na Slovensku. Zdroje dát o vysokom školstve a analýza vybraných parametrov systému vysokých škôl na Slovensku, ich dynamika po roku 198...

Descrizione completa

Salvato in:
Dettagli Bibliografici
Autore principale: Matlovič, René
Altri autori: Matlovičová, Kvetoslava
Natura: Capitolo di libro
Lingua:inglese
Soggetti:
Tags: Aggiungi Tag
Nessun Tag, puoi essere il primo ad aggiungerne!!

MARC

LEADER 00000naa a2200000 4500
001 0239866
005 20220805075644.1
041 0 |a eng 
044 |a SK 
245 1 0 |a Neoliberalization of the higher education in Slovakia: a geographical perspective  |c René Matlovič, Kvetoslava Matlovičová 
520 |a Konceptuálny rámec neoliberalizácie vysokého školstva a zmeny právnych predpisov sprevádzajúce postupnú adopciu neoliberálnych princípov do fungovania vysokých škôl na Slovensku. Zdroje dát o vysokom školstve a analýza vybraných parametrov systému vysokých škôl na Slovensku, ich dynamika po roku 1989. 
610 2 0 |a školy vysoké 
610 2 0 |a Slovensko 
610 2 0 |a politika vzdelávania 
610 2 0 |a politika regionálna 
610 2 0 |a neoliberalizmus 
610 2 0 |a geografia hospodárska 
100 1 |a Matlovič, René 
700 1 |a Matlovičová, Kvetoslava